| 000 | 00553cam a2200169 a 4500 | ||
|---|---|---|---|
| 020 | _a2914935382 | ||
| 040 | _cSTF | ||
| 082 | _a510 ADP 2005 A034 Or. | ||
| 100 | 1 | _aBerger, Marcel, | |
| 245 | 1 | 0 | _aCinq siècles de mathématiques en France / |
| 246 | 3 | _a5 siècles de mathématiques en France | |
| 260 |
_aParis : _bADPF-Ministère des affaires étrangères, _cc2005. |
||
| 300 |
_a287 p., [8] p. of plates : _bill. (some col.) ; _c25 cm. |
||
| 650 | 0 | _aMathematics | |
| 710 | 2 | _aAssociation pour la diffusion de la pensée française. | |
| 942 | _cFB | ||
| 999 |
_c12778 _d12778 |
||